000
00300nam a2200121Ia 4500
008
191201s2011 xx 000 0 und d
100
_a
HUSAIN, Farooq
245
0
_a
Text book of Signals and Systems
260
_a
N. Delhi
_b
Umesh Pub
_c
2011
300
_a
705
650
_a
B.Tech(ECE)
942
_2
ddc
_c
BK
999
_c
6355
_d
6355